Histoire générale de l'industrie / (Record no. 152247)

MARC details
000 -LEADER
campo de control de longitud fija 00908nam a22002175i 4500
001 - NÚMERO DE CONTROL
campo de control 152247
003 - IDENTIFICADOR DE NÚMERO DE CONTROL
campo de control ES-MaACL
005 - FECHA Y HORA DE LA ÚLTIMA TRANSACCIÓN
campo de control 20230906204612.0
008 - DATOS DE LONGITUD FIJA--INFORMACIÓN GENERAL
campo de control de longitud fija 051013m18941900fr | |||||||| ||fre d
040 ## - FUENTE DE CATALOGACIÓN
Centro catalogador/agencia de origen CAM
Lengua de catalogación spa
Centro/agencia transcriptor CAM
100 1# - ENTRADA PRINCIPAL--NOMBRE DE PERSONA
Nombre de persona Bleunard, Albert.
9 (RLIN) 29485
245 10 - MENCIÓN DEL TÍTULO
Título Histoire générale de l'industrie /
Mención de responsabilidad, etc. par A. Bleunard.
260 ## - PUBLICACIÓN, DISTRIBUCIÓN, ETC.
Lugar de publicación, distribución, etc. Paris :
Nombre del editor, distribuidor, etc. H. Laurens, éditeur,
Fecha de publicación, distribución, etc. [s.a.] (
Lugar de fabricación/manufactura Corbeil :
Fabricante Imprimerie Ed. Crété)
300 ## - DESCRIPCIÓN FÍSICA
Extensión 3 v. ;
Dimensiones 25 cm.
505 8# - NOTA DE CONTENIDO CON FORMATO
Nota de contenido con formato Contiene: T.I: Industries du Règne Végétal (119, 144, 140 p.) - T.II: Industries du Règne Animal (128, 112, 116 p.) - T.III: Industries du Règne Minéral (111, 127, 168 p.)
596 ## - NOTA AL PIE DE IMPRENTA
NOTA AL PIE DE IMPRENTA Probablementa impreso entre 1894 y 1900.
650 #4 - PUNTO DE ACCESO ADICIONAL DE MATERIA--TÉRMINO DE MATERIA
Término de materia o nombre geográfico como elemento de entrada Industrias agropecuarias.
9 (RLIN) 136272
650 #4 - PUNTO DE ACCESO ADICIONAL DE MATERIA--TÉRMINO DE MATERIA
Término de materia o nombre geográfico como elemento de entrada Industrias alimentarias.
9 (RLIN) 136273
650 #4 - PUNTO DE ACCESO ADICIONAL DE MATERIA--TÉRMINO DE MATERIA
Término de materia o nombre geográfico como elemento de entrada Industrias mineras.
9 (RLIN) 136275
852 ## - LOCALIZACIÓN
Ubicación ES-MaACL
Número de control de estantería F-6724-26
Nota libre -- Enc. pasta española
Holdings
Estatus retirado Estado de pérdida Estado de daño No para préstamo Biblioteca de origen Biblioteca actual Ubicación en estantería Fecha de adquisición Total de préstamos Signatura topográfica completa Código de barras Visto por última vez Precio de reemplazo Tipo de ítem Koha
        Biblioteca del Ateneo de Madrid Biblioteca del Ateneo de Madrid Depósito 2 17/01/2008   F-6724-26 1158950 23/02/2023 23/02/2023 Libro impreso